000 00311 a2200133 4500
000 nam a22 7a 4500
100 _aTirath Prakash
110 _aTirath Prakash
245 _a Administrative Law
250 _aLatest edition
260 _bYking Books
_c2025
264 _bYking Books
_c2025
942 _cBK
999 _c396099
_d396099